Historia del arte / (Record no. 27727)

MARC details
000 -LEADER
campo de control de longitud fija 00731nam a2200217 i 4500
001 - NÚMERO DE CONTROL
campo de control 27727
003 - IDENTIFICADOR DE NÚMERO DE CONTROL
campo de control ES-MaACL
005 - FECHA Y HORA DE LA ÚLTIMA TRANSACCIÓN
campo de control 20250812024125.0
007 - CAMPO FIJO DE DESCRIPCIÓN FÍSICA--INFORMACIÓN GENERAL
campo de control de longitud fija t|
008 - DATOS DE LONGITUD FIJA--INFORMACIÓN GENERAL
campo de control de longitud fija 030115s1981 sp ||||1| spa d
020 ## - NÚMERO INTERNACIONAL ESTÁNDAR DEL LIBRO
Número Internacional Estándar del Libro 84-207-1394-5
100 1# - ENTRADA PRINCIPAL--NOMBRE DE PERSONA
Nombre de persona Azcárate Ristori, José María de.
9 (RLIN) 24256
245 10 - MENCIÓN DEL TÍTULO
Título Historia del arte /
Mención de responsabilidad, etc. Jose María Azcárate Ristori, Alfonso Emilio Pérez Sánchez, Juan A. Ramírez Domínguez.
260 ## - PUBLICACIÓN, DISTRIBUCIÓN, ETC.
Lugar de publicación, distribución, etc. [Madrid] :
Nombre del editor, distribuidor, etc. Anaya,
Fecha de publicación, distribución, etc. [1981]
300 ## - DESCRIPCIÓN FÍSICA
Extensión 1024 p. :
Otras características físicas il. col. y n. ;
Dimensiones 25 cm.
650 04 - PUNTO DE ACCESO ADICIONAL DE MATERIA--TÉRMINO DE MATERIA
Término de materia o nombre geográfico como elemento de entrada Arte-
Subdivisión de forma Historia
9 (RLIN) 10107
700 1# - ENTRADA AGREGADA--NOMBRE PERSONAL
Nombre de persona Pérez Sánchez, Alfonso E.,
Fechas asociadas al nombre 1935-2010
9 (RLIN) 240883
700 1# - ENTRADA AGREGADA--NOMBRE PERSONAL
Nombre de persona Ramírez, Juan Antonio.
9 (RLIN) 95098
852 ## - LOCALIZACIÓN
Ubicación ES-MaACL
Número de control de estantería L-561
Holdings
Estatus retirado Estado de pérdida Estado de daño No para préstamo Biblioteca de origen Biblioteca actual Ubicación en estantería Fecha de adquisición Fuente de adquisición Total de préstamos Signatura topográfica completa Código de barras Visto por última vez Precio de reemplazo Tipo de ítem Koha
        Biblioteca del Ateneo de Madrid Biblioteca del Ateneo de Madrid Depósito 2 17/01/2008     L-561 1028633 23/02/2023 23/02/2023 Libro impreso